| 000 | 00000nam##2200000za#4500 |
| 001 | 9.698790 |
| 003 | CaOODSP |
| 005 | 20210625000105 |
| 007 | cr ||||||||||| |
| 008 | 150407|2009||||xxc|||||o f|0| 0 eng|d |
| 040 | |aCaOODSP|beng |
| 043 | |an-cn--- |
| 086 | 1 |aA93-31/2009E-PDF |
| 110 | 2 |aCanadian Grain Commission. |
| 245 | 10|aSampling systems handbook and approval guide / |h[electronic resource]|c[by] Industry Services. |
| 260 | |bCanadian Grain Commission |cJanuary 1, 2009. |
| 300 | |a58p.|bfigs., tables |
| 590 | |a14-04-Supp|b2014-02-05 |
| 775 | 08|tManuel des systèmes d'échantillonnage et du Guide d'approbation / |w(CaOODSP)9.642791 |
| 856 | 40|ahttp://publications.gc.ca|qPDF|s811 KB|uhttps://publications.gc.ca/collections/collection_2014/ccg-cgc/A93-31-2009-eng.pdf |